<?xml version="1.0" encoding="UTF-8"?>
<collection xmlns="http://www.loc.gov/MARC21/slim">
    <record>
        <controlfield tag="001">70687</controlfield>
        <controlfield tag="005">20190709135422.0</controlfield>
        <datafield tag="024" ind1="7" ind2=" ">
            <subfield code="2">doi</subfield>
            <subfield code="a">10.1016/j.jinorgbio.2016.11.009</subfield>
        </datafield>
        <datafield tag="024" ind1="8" ind2=" ">
            <subfield code="2">sideral</subfield>
            <subfield code="a">97109</subfield>
        </datafield>
        <datafield tag="037" ind1=" " ind2=" ">
            <subfield code="a">ART-2017-97109</subfield>
        </datafield>
        <datafield tag="041" ind1=" " ind2=" ">
            <subfield code="a">eng</subfield>
        </datafield>
        <datafield tag="100" ind1=" " ind2=" ">
            <subfield code="a">Sánchez-de-Diego, C.</subfield>
        </datafield>
        <datafield tag="245" ind1=" " ind2=" ">
            <subfield code="a">The anticancer effect related to disturbances in redox balance on Caco-2 cells caused by an alkynyl gold(I) complex</subfield>
        </datafield>
        <datafield tag="260" ind1=" " ind2=" ">
            <subfield code="c">2017</subfield>
        </datafield>
        <datafield tag="506" ind1="0" ind2=" ">
            <subfield code="a">Access copy available to the general public</subfield>
            <subfield code="f">Unrestricted</subfield>
        </datafield>
        <datafield tag="520" ind1="3" ind2=" ">
            <subfield code="a">The alkynyl gold(I) derivative Au(C=CPh)(PTA)] (PTA = 1, 3, 5-triaza-7-phosphaadamantane) induces apoptosis in colorectal carcinoma tumour cells (Caco-2) without affecting to normal enterocytes. Au(C=CPh)(PTA)] is a slight lipophilic drug, stable in PBS (Phosphate Buffered Saline) and able to bind BSA (Bovin Serum Albumin) by hydrophobic interactions. Once inside the cell, Au(C=CPh)(PTA)] targets seleno proteins such as Thioredoxin Reductase 1, increasing ROS (Reactive Oxygen Species) levels, reducing cell viability and proliferation and inducing mitochondrial apoptotic pathway, pro-apoptotic and anti-apoptotic protein imbalance, loss of mitochondrial membrane potential, cytochrome c release and activation of caspases 9 and 3. Moreover, unlike other metal-based drugs such as cisplatin, Au(C=CPh)(PTA)] does not target nucleic acid, reducing the risk of side mutation in the DNA. In consequence, our results predict a promising future for Au(C=CPh)(PTA)] as a chemotherapeutic agent for colorectal carcinoma.</subfield>
        </datafield>
        <datafield tag="536" ind1=" " ind2=" ">
            <subfield code="9">info:eu-repo/grantAgreement/ES/DGA/A32</subfield>
            <subfield code="9">info:eu-repo/grantAgreement/ES/DGA/E104</subfield>
            <subfield code="9">info:eu-repo/grantAgreement/ES/ISCIII/CB06-03-1012</subfield>
            <subfield code="9">info:eu-repo/grantAgreement/ES/MINECO-FEDER/CTQ2013-48635-C2-1-P</subfield>
            <subfield code="9">info:eu-repo/grantAgreement/ES/MINECO/SAF2013-41651-R</subfield>
        </datafield>
        <datafield tag="540" ind1=" " ind2=" ">
            <subfield code="9">info:eu-repo/semantics/openAccess</subfield>
            <subfield code="a">by-nc-nd</subfield>
            <subfield code="u">http://creativecommons.org/licenses/by-nc-nd/3.0/es/</subfield>
        </datafield>
        <datafield tag="590" ind1=" " ind2=" ">
            <subfield code="a">3.063</subfield>
            <subfield code="b">2017</subfield>
        </datafield>
        <datafield tag="591" ind1=" " ind2=" ">
            <subfield code="a">CHEMISTRY, INORGANIC &amp; NUCLEAR</subfield>
            <subfield code="b">10 / 45 = 0.222</subfield>
            <subfield code="c">2017</subfield>
            <subfield code="d">Q1</subfield>
            <subfield code="e">T1</subfield>
        </datafield>
        <datafield tag="591" ind1=" " ind2=" ">
            <subfield code="a">BIOCHEMISTRY &amp; MOLECULAR BIOLOGY</subfield>
            <subfield code="b">137 / 292 = 0.469</subfield>
            <subfield code="c">2017</subfield>
            <subfield code="d">Q2</subfield>
            <subfield code="e">T2</subfield>
        </datafield>
        <datafield tag="592" ind1=" " ind2=" ">
            <subfield code="a">0.743</subfield>
            <subfield code="b">2017</subfield>
        </datafield>
        <datafield tag="593" ind1=" " ind2=" ">
            <subfield code="a">Inorganic Chemistry</subfield>
            <subfield code="c">2017</subfield>
            <subfield code="d">Q2</subfield>
        </datafield>
        <datafield tag="593" ind1=" " ind2=" ">
            <subfield code="a">Biochemistry</subfield>
            <subfield code="c">2017</subfield>
            <subfield code="d">Q3</subfield>
        </datafield>
        <datafield tag="655" ind1=" " ind2="4">
            <subfield code="a">info:eu-repo/semantics/article</subfield>
            <subfield code="v">info:eu-repo/semantics/acceptedVersion</subfield>
        </datafield>
        <datafield tag="700" ind1=" " ind2=" ">
            <subfield code="a">Mármol, I.</subfield>
        </datafield>
        <datafield tag="700" ind1=" " ind2=" ">
            <subfield code="a">Pérez, R.</subfield>
        </datafield>
        <datafield tag="700" ind1=" " ind2=" ">
            <subfield code="a">Gascón, S.</subfield>
            <subfield code="u">Universidad de Zaragoza</subfield>
        </datafield>
        <datafield tag="700" ind1=" " ind2=" ">
            <subfield code="0">(orcid)0000-0002-3595-7668</subfield>
            <subfield code="a">Rodriguez-Yoldi, M.</subfield>
            <subfield code="u">Universidad de Zaragoza</subfield>
        </datafield>
        <datafield tag="700" ind1=" " ind2=" ">
            <subfield code="0">(orcid)0000-0003-2457-3674</subfield>
            <subfield code="a">Cerrada, E.</subfield>
            <subfield code="u">Universidad de Zaragoza</subfield>
        </datafield>
        <datafield tag="710" ind1="2" ind2=" ">
            <subfield code="1">2010</subfield>
            <subfield code="2">760</subfield>
            <subfield code="a">Universidad de Zaragoza</subfield>
            <subfield code="b">Dpto. Química Inorgánica</subfield>
            <subfield code="c">Área Química Inorgánica</subfield>
        </datafield>
        <datafield tag="710" ind1="2" ind2=" ">
            <subfield code="1">1005</subfield>
            <subfield code="2">410</subfield>
            <subfield code="a">Universidad de Zaragoza</subfield>
            <subfield code="b">Dpto. Farmacología y Fisiolog.</subfield>
            <subfield code="c">Área Fisiología</subfield>
        </datafield>
        <datafield tag="710" ind1="2" ind2=" ">
            <subfield code="1">1009</subfield>
            <subfield code="2">X</subfield>
            <subfield code="a">Universidad de Zaragoza</subfield>
            <subfield code="b">Dpto. Patología Animal</subfield>
            <subfield code="c">Área Técnica. Lab. y Talleres</subfield>
        </datafield>
        <datafield tag="773" ind1=" " ind2=" ">
            <subfield code="g">166 (2017), 108-121</subfield>
            <subfield code="p">J. inorg. biochem.</subfield>
            <subfield code="t">JOURNAL OF INORGANIC BIOCHEMISTRY</subfield>
            <subfield code="x">0162-0134</subfield>
        </datafield>
        <datafield tag="856" ind1="4" ind2=" ">
            <subfield code="s">788742</subfield>
            <subfield code="u">http://zaguan.unizar.es/record/70687/files/texto_completo.pdf</subfield>
            <subfield code="y">Postprint</subfield>
        </datafield>
        <datafield tag="856" ind1="4" ind2=" ">
            <subfield code="s">45669</subfield>
            <subfield code="u">http://zaguan.unizar.es/record/70687/files/texto_completo.jpg?subformat=icon</subfield>
            <subfield code="x">icon</subfield>
            <subfield code="y">Postprint</subfield>
        </datafield>
        <datafield tag="909" ind1="C" ind2="O">
            <subfield code="o">oai:zaguan.unizar.es:70687</subfield>
            <subfield code="p">articulos</subfield>
            <subfield code="p">driver</subfield>
        </datafield>
        <datafield tag="951" ind1=" " ind2=" ">
            <subfield code="a">2019-07-09-11:27:20</subfield>
        </datafield>
        <datafield tag="980" ind1=" " ind2=" ">
            <subfield code="a">ARTICLE</subfield>
        </datafield>
    </record>

    
</collection>